LEADER 01687nam 2200397 450 001 000013680 005 20050718115500.0 010 $a88-206-3416-3$b(Vol. 1.) 100 $a20030526d1992----km-y0itay0103----ba 101 0 $aita 102 $aIT 200 1 $aMeccanica agraria$fGiuseppe Pellizzi 205 $a7. ed. 210 $aBologna$cEdagricole$d1992 215 $av.$cill.$d27 cm. 327 1 $aVolume 1.:Richiami di fisica applicata, i materiali, i motori e i trattori. - VIII, 223 p. 559 1 $aRichiami di fisica applicata, i materiali, i motori e i trattori 606 $aFisica applicata 606 $aMacchine agricole 676 $a681.763$v(21. ed.)$9Strumenti, macchine, attrezzature agricole 700 1$aPellizzi,$bGiuseppe$0440393 801 0$aIT$bUniversità della Basilicata - B.I.A.$gRICA$2unimarc 912 $a000013680 996 $aMeccanica Agraria$977899 997 $aUNIBAS BAS $aMONSCI BAS $aSCIENZE CAT $aSTD024$b01$c20030526$lBAS01$h0907 CAT $c20050601$lBAS01$h1755 CAT $abatch$b01$c20050718$lBAS01$h1052 CAT $c20050718$lBAS01$h1111 CAT $c20050718$lBAS01$h1141 CAT $c20050718$lBAS01$h1155 FMT Z30 -1$lBAS01$LBAS01$mBOOK$1BASA2$APolo Tecnico-Scientifico$2DID$BDidattica$3PTS.s3.p34.27$676389$5A76389$820030526$b1$eVIII, 223$f98$FConsultazione$hVol. 1.: Richiami di fisica applicata, i materiali, i motori e i trattori Z30 -1$lBAS01$LBAS01$mBOOK$1BASA2$APolo Tecnico-Scientifico$2DID$BDidattica$3PTS.s3.p34.27C$674351$5A74351$820030526$b1$eVIII, 223$f04$FPrestabile Didattica$hVol. 1.: Richiami di fisica applicata, i materiali, i motori e i trattori